Nghiên cứu dị thường trọng lực của Trái đất và ứng dụng khảo sát bề mặt của vỏ Trái đất
Tổng quan về trường trọng lực của Trái Đất bình thường. Dị thường trọng lực và các loại hiệu chỉnh. Nghiên cứu cấu trúc bề mặt của vỏ Trái đất bằng dị thường trọng lực.
Saved in:
| Main Author: | |
|---|---|
| Other Authors: | |
| Format: | Book |
| Published: |
Đà Nẵng
Đại học Sư phạm, Đại học Đà Nẵng
2012
|
| Subjects: | |
| Tags: |
Add Tag
No Tags, Be the first to tag this record!
|
| Institutions: | Mạng thư viện Đại học Đà Nẵng |
|---|
| LEADER | 01818nam a2200337 4500 | ||
|---|---|---|---|
| 001 | 000017377 | ||
| 003 | 13795 | ||
| 005 | 20130410080450.0 | ||
| 008 | 130410s2012 sd | ||
| 082 | |a 521.1 |b BU-Y | ||
| 100 | 1 | |a Bùi Thị Hải Yến | |
| 245 | |a Nghiên cứu dị thường trọng lực của Trái đất và ứng dụng khảo sát bề mặt của vỏ Trái đất |c Bùi Thị Hải Yến ; Lương Văn Thọ hướng dẫn |k Khóa luận tốt nghiệp | ||
| 260 | |a Đà Nẵng |b Đại học Sư phạm, Đại học Đà Nẵng |c 2012 | ||
| 300 | |a 52 tr. |b Hình mh. |c 29 cm. |e Đĩa CD, bản tóm tắt | ||
| 500 | |a Khóa luận tốt nghiệp đại học. Chuyên ngành: Sư phạm Vật Lý | ||
| 504 | |a Mục lục đầu trang, tài liệu tham khảo tr. 73 - 74, phụ lục [13 tr.] | ||
| 520 | |a Tổng quan về trường trọng lực của Trái Đất bình thường. Dị thường trọng lực và các loại hiệu chỉnh. Nghiên cứu cấu trúc bề mặt của vỏ Trái đất bằng dị thường trọng lực. | ||
| 600 | 1 | 4 | |b Vua |c Đinh Tiên Hoàng |
| 650 | 0 | 4 | |a Vỏ trái đất |a Trọng lực trái đất |v Khóa luận tốt nghiệp |x Ứng dụng |
| 653 | |a Vỏ trái đất |a Khoa Vật lý |a Trọng lực trái đất | ||
| 700 | |a Lương Văn Thọ |e Hướng dẫn | ||
| OWN | |a LSP | ||
| AVA | |a UDN50 |b LSP |d 521.1 BU-Y |e available |t Error 5001 Not defined in file expand_doc_bib_avail. |f 1 |g 0 |h N |i 0 |k 1 | ||
| 999 | |a From the UDN01 | ||
| AVA | |a UDN50 |b LSP |d 521.1 BU-Y |e available |t Error 5001 Not defined in file expand_doc_bib_avail. |f 1 |g 0 |h N |i 0 |k 1 | ||
| TYP | |a Monograph | ||
| TYP | |a Printed language | ||
| 980 | |a Mạng thư viện Đại học Đà Nẵng | ||